| 000 | 01121cam a2200253M 4500 | ||
|---|---|---|---|
| 001 | internationalpol00kuls | ||
| 003 | CaSfIA | ||
| 005 | 20210118103238.0 | ||
| 007 | cr|||| | ||
| 008 | 091122s1964 nyu 000 u eng d | ||
| 040 |
_aDKDLA _bdan _cDKDLA _dCaSfIA |
||
| 035 | _a(OCoLC)468517472 | ||
| 100 | 1 | _aKulski, Wadysaw W. | |
| 245 | 1 | 0 |
_aInternational politics in a revolutionary age / _h[electronic resource] _cby W. W. Kulski. |
| 260 |
_aNew York, _c1964. |
||
| 300 | _aXIV, 650 s. | ||
| 029 | 0 |
_aDKDLA _b22353950 |
|
| 029 | 1 |
_aDKDLA _b18603884 |
|
| 856 | 4 | 1 |
_uhttp://www.archive.org/details/internationalpol00kuls _zFree eBook from the Internet Archive |
| 856 | 4 | 2 |
_uhttp://www.openlibrary.org/books/OL24236896M _zAdditional information and access via Open Library |
| 942 | _cEB | ||
| 506 | _fНеобхідна авторизація на https://archive.org/ (створення облікового запису безкоштовно) | ||
| 506 | _fНеобхідна авторизація на https://openlibrary.org/ (створення облікового запису безкоштовно) | ||
| 999 |
_c512126 _d512126 |
||